1829 1696 1304 1827 1572 1951 1197 1228 1227 1223 1895 1340 1696 1584 1061 1176 1796 1728 1810 1001 1358 1015 1788 1976 1860 1510 1843 1595 1500 1708 1297 1452 1756 1192 1734 1947 1145 1648 1206 1949 1823 1821 1308 1204 1595 1370 1796 1986 1002 1117 1372 1828 1026 1451 1099 1299 1858 1587 1535 1975 1703 1022 1167 1050 1186 1906 1232 1076 1209 1492 1927 1229 1912 1951 1607 1577 1270 1808 1608 1607 1026 1353 1246 1517 1957 1763 1801 1668 1809 1158 1544 1725 1335 1252 1392 1738 1371 1677 1521 BCNSPRNW ULIB Ver.6.0+V

เปลี่ยนเป็นภาษาไทย

Change to English
 แสดงรายละเอียดบรรณานุกรม
  กลับหน้าหลัก

Brief Record : Get Marc (ISO 2709) : E-mail record : QR code < ปิดหน้าต่าง
LEADER : 00000nam 2200000uu 4500
001    13399113387
003     ULIB
008    110418s2552||||th 000 0 tha d
020    9786167098098
060 04 WJ342^bพ199ต 2552
100 0  พนิดา กุลประสูติดิลก
245 00 ไตวายการควบคุม ดูแลรักษา และการป้องกัน/^cพนิดา กุลประสูติดิลก
260    กรุงเทพฯ :^bFeel Good Publishing,^c2552
300    150 หน้า
650  7 ไตวาย
945    ^p150^l0^i027956
945    ^p150^l0^i028238
945    ^p150^l0^i028383
995    ทศพร
999 ^a ใช้งานได้ทุกระบบ
รายการนี้ยังไม่มีแท็ก
คุณยังไม่ได้ล็อกอิน คุณสามารถมีกิจกรรมร่วมกับเว็บไซต์ได้ แต่ต้องล็อกอินก่อน ::
  ล็อกอิน

รายการสื่อสารสนเทศ

ลำดับที่ ประเภท เลขเรียก/บาร์โค้ด สถานที่ สถานะ
- ไม่พบข้อมูล -

รายการใกล้เคียง
    ผู้แต่ง [พนิดา กุลประสูติดิลก]

    หัวเรื่อง [ไตวาย]

BibComment


ยังไม่เคยถูกคอมเมนท์

คอมเมนท์ทรัพยากรรายการนี้
  คอมเมนท์: ไตวายการควบคุม ด..


 Copyright 2026. Bcnsprnw @Library